[Event "Thessaloniki-Chalkidiki-chT"]
[Site "Thessaloniki"]
[Date "2022.03.13"]
[Round "3"]
[White "Zonidis, Diogenis"]
[Black "Fregidis, Nikolaos"]
[Result "0-1"]
[WhiteElo "1141"]
[BlackElo "1468"]
[PlyCount "98"]
[EventDate "2022.02.20"]
[EventType "team-tourn"]
[EventRounds "7"]
[EventCountry "GRE"]
[SourceTitle "EXT 2024"]
[Source "ChessBase"]
[SourceDate "2023.10.10"]
[SourceVersion "1"]
[SourceVersionDate "2023.10.10"]
[SourceQuality "1"]

1. e4 c6 2. d4 d5 3. e5 Bf5 4. f4 e6 5. Nf3 c5 6. c3 Nc6 7. Nbd2 Qb6 8. Nb3 a5 9. a4 Bg4 10. Be2 Bxf3 11. Bxf3 cxd4 12. Nxd4 Nxd4 13. cxd4 Bb4+ 14. Kf2 Ne7 15. Qd3 Rc8 16. Be3 Nf5 17. Rhc1 0-0 18. g4 Nh4 19. Be2 Rc7 20. f5 Be7 21. Rxc7 Qxc7 22. Rc1 Qd7 23. b3 exf5 24. gxf5 Qxf5+ 25. Qxf5 Nxf5 26. Rc7 b6 27. Bd2 Bh4+ 28. Kg2 Nxd4 29. Bd1 Re8 30. Be3 Ne6 31. Rb7 d4 32. Bd2 Bd8 33. Rb8 Kf8 34. Kf3 Bc7 35. Rxe8+ Kxe8 36. Ke4 Ke7 37. Bg4 Nc5+ 38. Kxd4 Nxb3+ 39. Kc3 Nxd2 40. Kxd2 Bxe5 41. h3 g6 42. Kd3 Kd6 43. Kc4 f5 44. Bf3 g5 45. Kb5 Bd4 46. Kc4 Ke5 47. Kd3 Kf4 48. Bg2 Bc5 49. Kc4 g4 0-1